000 02068nam a22003737a 4500
001 100189
003 KnowledgeUnlatched
005 20210303105348.0
006 m o d
007 cr u||||||||||
008 210129p20102017gw o u00| u eng d
035 _a(OCoLC)999369217
037 _5BiblioBoard
245 0 0 _aGrey Literature in Library and Information Studies
_cDominic J. Farace, Joachim Schöpfel.
020 _a9783598441493
029 1 _ahttps://library.biblioboard.com/ext/api/media/c74994f4-166a-4969-960b-b9c1d4104dac/assets/thumbnail.jpg
040 _aScCtBLL
_cScCtBLL
506 0 _aAccess copy available to the general public.
_fUnrestricted
_2star
700 1 _aFarace, Dominic J.
_eeditor.
700 1 _aSchöpfel, Joachim
_eeditor.
264 1 _bK. G. Saur,
300 _a1 online resource (288 p.)
520 _aThe further rise of electronic publishing has come to change the scale and diversity of grey literature facing librarians and other information practitioners. This compiled work brings together research and authorship over the past decade dealing with both the supply and demand sides of grey literature. While this book is written with students and instructors of Colleges and Schools of Library and Information Science in mind, it likewise serves as a reader for information professionals working in any and all like knowledge-based communities.
588 0 _aDescription based on print version record.
590 _aKU Select 2016 Backlist Collection
650 7 _aLanguage Arts & Disciplines / Library & Information Science
_2bisacsh
650 0 _aLanguage arts
655 0 _aElectronic books.
758 _iIs found in:
_aKnowledge Unlatched
_1https://openresearchlibrary.org/module/2774bc74-146a-484f-a7ba-ab1d6a09bbfb
856 4 0 _uhttps://openresearchlibrary.org/content/c74994f4-166a-4969-960b-b9c1d4104dac
_zView this content on Open Research Library.
_70
999 _c34233
_d34233